Vista normal
Vista MARC
- Villareal Castro, Milton
Entrada Personal Name
Número de registros utilizados en: 2
001 - CONTROL NUMBER
- control field: 47286
003 - CONTROL NUMBER IDENTIFIER
- control field: OSt
005 - DATE AND TIME OF LATEST TRANSACTION
- control field: 20180524173024.0
008 - FIXED-LENGTH DATA ELEMENTS
- fixed length control field: 180524|| aca||aabn | a|a d
040 ## - CATALOGING SOURCE
- Original cataloging agency: OSt
- Transcribing agency: OSt
100 ## - HEADING--PERSONAL NAME
- Personal name: Villareal Castro, Milton
670 ## - SOURCE DATA FOUND
- Source citation: Work cat.: (OSt): Villareal Castro, Milton, Opciones para publicación: ¿"Open Access" o "revistas por suscripción"?